| 000 | 00797nam a2200229Ii 4500 | ||
|---|---|---|---|
| 003 | JO-AjNU | ||
| 008 | 230605s9999||||xx |||||||||||||| ||und|| | ||
| 017 | _a2009/8/3572 | ||
| 020 | _a978-9957-11-829-7 | ||
| 040 |
_aJO-AjNU _bara _erda _cJO-AjNU |
||
| 041 | _aara | ||
| 050 | 1 | 4 | _aQA11.A289 2010 |
| 100 | 3 |
_aابو زينة، فريد كامل , _eauthor _957741 |
|
| 245 | 0 | 0 | _aتطوير مناهج الرياضيات المدرسيه وتعليمها |
| 250 | _aط1 | ||
| 264 | 3 | 1 | _aعمان: دار وائل للنشر، 2009 |
| 300 | _a424ص | ||
| 336 |
_atext _btxt _2rdacontent |
||
| 337 |
_aunmediated _bn _2rdamedia |
||
| 338 |
_avolume _bnc _2rdacarrier |
||
| 650 | 4 |
_aمقررات الدراسيه-الرياضيات-طرق التعلم-الدراسه والتدريس _957742 |
|
| 999 |
_aA25893 _c29461 _d29461 |
||